Online
Catalog

Ortografía inferencial y operativa / (Record no. 4125)

MARC details
000 -CABECERA
campo de control de longitud fija 01513nam a2200277 a 4500
001 - NÚMERO DE CONTROL
campo de control 000004316
003 - IDENTIFICADOR DEL NÚMERO DE CONTROL
campo de control OCoLC
005 - FECHA Y HORA DE LA ÚLTIMA TRANSACCIÓN
campo de control 20200929151426.0
008 - DATOS DE LONGITUD FIJA--INFORMACIÓN GENERAL
campo de control de longitud fija 081212s2005 dr a 000 0 spa d
020 ## - NÚMERO INTERNACIONAL ESTÁNDAR DEL LIBRO
ISBN cancelado o inválido 9993445037
040 ## - FUENTE DE LA CATALOGACIÓN
Centro catalogador/agencia de origen DO-SdBNP
Lengua de catalogación spa
Centro/agencia transcriptor BNPHU
082 ## - NÚMERO DE LA CLASIFICACIÓN DECIMAL DEWEY
Número de clasificación 461
Número de documento/Ítem G216o, 2005
100 1# - ENTRADA PRINCIPAL--NOMBRE DE PERSONA
Nombre de persona García Molina, Bartolo
9 (RLIN) 6
245 10 - MENCIÓN DE TÍTULO
Título Ortografía inferencial y operativa /
Mención de responsabilidad, etc. Bartolo García Molina ; prólogo Mírian Gutiérrez Pérez ; revisión y corrección Ramón Morel Félix ; corrección didáctica y de estilo Míriam Gutiérrez.
250 ## - MENCIÓN DE EDICIÓN
Mención de edición 8a ed. corr. y actualizada
260 ## - PUBLICACIÓN, DISTRIBUCIÓN, ETC.
Lugar de publicación, distribución, etc. Santo Domingo :
Nombre del editor, distribuidor, etc. Surco,
Fecha de publicación, distribución, etc. 2005.
300 ## - DESCRIPCIÓN FÍSICA
Extensión 240 p. ;
Dimensiones 21 cm.
505 0# - NOTA DE CONTENIDO CON FORMATO
Nota de contenido con formato Prólogo -- Introducción -- Orígines de la faltas ortográficas -- La acentuación -- Uso de las mayúsculas -- Inferencias sobre B-V -- Inferencias sobre G -- Inferencias sobre S-C-Z -- Inferencias sobre LL-Y -- Inferencias sobre la H -- Inferencias sobre la X -- Los nombre propios -- Ortografía sintagmática (la concordancia) -- Los verbos irregulares -- Ortografía sintagmática (los signos de puntuación) -- Temas teóricos prácticos de ortografía -- Autoevaluación general -- Bibliografía.
504 ## - NOTA DE BIBLIOGRAFÍA, ETC.
Nota de bibliografía, etc. Bibliografía : p. 241-243
590 ## - NOTA LOCAL (RLIN)
Nota local Inventariado, 2018/LP
650 #4 - PUNTO DE ACCESO ADICIONAL DE MATERIA--TÉRMINO DE MATERIA
Término de materia o nombre geográfico como elemento de entrada Español
Subdivisión general Ortografía
9 (RLIN) 1453
650 #4 - PUNTO DE ACCESO ADICIONAL DE MATERIA--TÉRMINO DE MATERIA
Término de materia o nombre geográfico como elemento de entrada Español
Subdivisión general Ortografía
-- Enseñanza
9 (RLIN) 1228
700 12 - PUNTO DE ACCESO ADICIONAL--NOMBRE DE PERSONA
Nombre de persona Gutiérrez Pérez, Mírian,
Término indicativo de función/relación pról.
9 (RLIN) 12739
700 12 - PUNTO DE ACCESO ADICIONAL--NOMBRE DE PERSONA
Nombre de persona Morel Félix, Ramón
9 (RLIN) 410
910 ## - DATOS DE OPCIÓN DEL USUARIO (OCLC)
Datos de opción del usuario Validado. Control de calidad MMOLINA
Holdings
Estado de retiro Estado de pérdida Restricciones de uso No para préstamo Código de colección Localización permanente Ubicación/localización actual Ubicación en estantería Fecha de adquisición Número de inventario Total de préstamos Signatura topográfica completa Código de barras Fecha visto por última vez Número de copia Precio válido a partir de Tipo de ítem Koha
        Dominicana de Servicio General General Depósito 26.08.2009 LF1   461 G216o, 2005 4316-30 25.06.2020 e.3 25.06.2020 Libro y Folleto Colección Dominicana de Servicio
        Dominicana de Servicio General General Depósito 26.08.2009 LF1   461 G216o, 2005 4316-40 25.06.2020 e.4 25.06.2020 Libro y Folleto Colección Dominicana de Servicio
        Dominicana de Servicio General General Depósito 26.08.2009 LF1   461 G216o, 2005 4316-50 25.06.2020 e.5 25.06.2020 Libro y Folleto Colección Dominicana de Servicio
      Excluido de préstamo Patrimonio Dominicano Patrimonio Dominicano Patrimonio Dominicano Depósito 21.07.2009 LF1   461 G216o, 2005 4316-10 25.06.2020   25.06.2020 Libro y Folleto Colección Patrimonio Dominicano
      Excluido de préstamo Patrimonio Dominicano Patrimonio Dominicano Patrimonio Dominicano Depósito 26.08.2009 LF1   461 G216o, 2005 4316-20 25.06.2020 e.2 25.06.2020 Libro y Folleto Colección Patrimonio Dominicano

Powered by Koha